Central Library OPAC University of Rajshahi

The potamogetons (pond weeds) of the British Isles : (Record no. 72894)

MARC details
000 -LEADER
fixed length control field 00923nam a2200265 a 4500
001 - CONTROL NUMBER
control field 72894
003 - CONTROL NUMBER IDENTIFIER
rucl marc code BD-RjUL
005 - DATE AND TIME OF LATEST TRANSACTION
control field 20211209082324.0
008 - FIXED-LENGTH DATA ELEMENTS--GENERAL INFORMATION
fixed length control field 170524m1915 enkaf b 001 0 eng d
035 ## - SYSTEM CONTROL NUMBER
System control number (BD-RjUL)73112
040 ## - CATALOGING SOURCE
Original cataloging agency TLZ
Transcribing agency TLZ
Modifying agency EQO
-- BD-RjUL
Language of cataloging eng
041 ## - LANGUAGE CODE
Language code of text/sound track or separate title eng
082 ## - DEWEY DECIMAL CLASSIFICATION NUMBER
Edition number 23
Classification number 584.742
Author mark and year FRP 1915
100 1# - MAIN ENTRY--PERSONAL NAME
Personal name Fryer, Alfred
Dates associated with a name 1826-1912.
9 (RLIN) 215607
245 14 - TITLE STATEMENT
Title The potamogetons (pond weeds) of the British Isles :
Remainder of title with descriptions of all the species, varieties and hybrids /
Statement of responsibility, etc. by Alfred Fryer and Arthur Bennett.
260 ## - PUBLICATION, DISTRIBUTION, ETC. (IMPRINT)
Place of publication, distribution, etc. London :
Name of publisher, distributor, etc. L. Reeve,
Date of publication, distribution, etc. 1915.
300 ## - PHYSICAL DESCRIPTION
Pagination x, 94 p., 60 leaves of plates :
Illustrations col. ill. ;
Size 32 cm.
500 ## - GENERAL NOTE
General note Issued in 15 parts, 1898-1915.
General note "1733A3-1735D2"
504 ## - BIBLIOGRAPHY, ETC. NOTE
Bibliography, etc Includes bibliographical references and index
650 #0 - SUBJECT ADDED ENTRY--TOPICAL TERM
Topical term or geographic name as entry element Potamogetonaceae
9 (RLIN) 215608
Topical term or geographic name as entry element Botany
9 (RLIN) 215609
700 1# - ADDED ENTRY--PERSONAL NAME
Personal name Bennett, Arthur
Dates associated with a name 1844-
942 ## - ADDED ENTRY ELEMENTS (KOHA)
Source of classification or shelving scheme Dewey Decimal Classification
Koha item type Books
Holdings
Lost status Source of classification or shelving scheme Damaged status Not for loan Collection code Permanent Location Current Location Shelving location Date acquired Source of acquisition Cost, normal purchase price Total Checkouts Full call number Date last seen Copy number Koha item type
  Dewey Decimal Classification   Not For Loan Non-fiction Central Library, University of Rajshahi Central Library, University of Rajshahi Reading Room 09/12/2021 Eurepak news Agency 150.00   584.742 FRP 1915 24/05/2017 C-1 Books